| 000 | 00592nam a2200217Ia 4500 | ||
|---|---|---|---|
| 003 | OSt | ||
| 005 | 20230419095338.0 | ||
| 008 | 210423s2010 xx 000 0 und d | ||
| 020 | _a387972455 | ||
| 040 | _cAL | ||
| 041 | _aeng | ||
| 082 | _a515.7 CONJ | ||
| 100 |
_aCONWAY (John B). _990391 |
||
| 245 | _aGraduate texts in mathematics a course in functional analysis. | ||
| 250 | _a2 | ||
| 260 |
_aNew Delhi _bSpringer Pvt Ltd _c2010 |
||
| 300 |
_axvi,399 _bPB |
||
| 365 |
_b395 _cINR |
||
| 906 | _aanalysis. ; Course ; functional ; Graduate ; mathematics ; texts | ||
| 942 |
_2ddc _cBK |
||
| 999 |
_c160127 _d160127 |
||